|
|
|
|
| LEADER |
02598nam a2200685 i 4500 |
| 001 |
nkc20223447259 |
| 003 |
CZ PrNK |
| 005 |
20221102140422.0 |
| 007 |
ta |
| 008 |
220913s2022 xr a e f 000 0 cze |
| 015 |
|
|
|a cnb003447259
|
| 020 |
|
|
|a 978-80-7413-510-1
|q (brožováno) :
|c Kč 389,00
|
| 035 |
|
|
|a (OCoLC)1350560082
|
| 040 |
|
|
|a BOA001
|b cze
|e rda
|
| 041 |
1 |
|
|a cze
|h eng
|
| 072 |
|
7 |
|a 502
|x Životní prostředí a jeho ochrana
|2 Konspekt
|9 2
|
| 080 |
|
|
|a 502.17
|2 MRF
|
| 080 |
|
|
|a 620.92/.95
|2 MRF
|
| 080 |
|
|
|a 631.147
|2 MRF
|
| 080 |
|
|
|a [330.567.2+338.3]:502.1
|2 MRF
|
| 080 |
|
|
|a 69:502.131.1
|2 MRF
|
| 080 |
|
|
|a 502.131.1
|2 MRF
|
| 080 |
|
|
|a 628.3/.5
|2 MRF
|
| 080 |
|
|
|a (0.062)
|2 MRF
|
| 100 |
1 |
|
|a Heap, Tom,
|d 1966-
|7 mzk20221164088
|4 aut
|
| 240 |
1 |
0 |
|a 39 ways to save the planet.
|l Česky
|
| 245 |
1 |
0 |
|a 39 způsobů, jak zachránit planetu /
|c Tom Heap ; překlad: Jakub Goner
|
| 246 |
3 |
0 |
|a Třicet devět způsobů, jak zachránit planetu
|
| 250 |
|
|
|a Vydání první
|
| 264 |
|
1 |
|a Brno :
|b Zoner Press,
|c 2022
|
| 300 |
|
|
|a 272 stran :
|b ilustrace ;
|c 20 cm
|
| 336 |
|
|
|a text
|b txt
|2 rdacontent
|
| 337 |
|
|
|a bez média
|b n
|2 rdamedia
|
| 338 |
|
|
|a svazek
|b nc
|2 rdacarrier
|
| 500 |
|
|
|a Obálkový podnázev: reálná řešení změny klimatu
|
| 500 |
|
|
|a Přeloženo z angličtiny
|
| 650 |
0 |
7 |
|a ochrana životního prostředí
|7 ph115553
|2 czenas
|
| 650 |
0 |
7 |
|a alternativní energetické zdroje
|7 ph115531
|2 czenas
|
| 650 |
0 |
7 |
|a ekologické zemědělství
|7 ph119814
|2 czenas
|
| 650 |
0 |
7 |
|a udržitelná spotřeba a výroba
|7 ph200882
|2 czenas
|
| 650 |
0 |
7 |
|a udržitelná výstavba
|7 ph693671
|2 czenas
|
| 650 |
0 |
7 |
|a udržitelný rozvoj
|7 ph126768
|2 czenas
|
| 650 |
0 |
7 |
|a odpadové hospodářství
|7 ph115563
|2 czenas
|
| 650 |
0 |
9 |
|a environmental protection
|2 eczenas
|
| 650 |
0 |
9 |
|a alternative energy sources
|2 eczenas
|
| 650 |
0 |
9 |
|a ecological agriculture
|2 eczenas
|
| 650 |
0 |
9 |
|a sustainable consumption and production
|2 eczenas
|
| 650 |
0 |
9 |
|a sustainable construction
|2 eczenas
|
| 650 |
0 |
9 |
|a sustainable development
|2 eczenas
|
| 650 |
0 |
9 |
|a waste management
|2 eczenas
|
| 655 |
|
7 |
|a populárně-naučné publikace
|7 fd131864
|2 czenas
|
| 655 |
|
9 |
|a popular works
|2 eczenas
|
| 700 |
1 |
|
|a Goner, Jakub
|7 xx0133109
|4 trl
|
| 910 |
2 |
|
|a BOA001
|b 1-1492.844
|
| 928 |
9 |
|
|a Zoner software
|
| 990 |
|
|
|a BK
|
| 995 |
|
|
|a 01
|
| 991 |
|
|
|b 202210
|c NOV
|
| 996 |
6 |
|
|b 2610915882
|c 1-1492.844
|l MZK
|r Sklad / do 1 hodiny
|n 2
|p p.v.
|w 001900810
|u 000010
|a 1
|e BOA001
|j MZK50
|s P
|
| 996 |
7 |
|
|b 2610915883
|c 1-1492.844
|l Vol.výběr
|r VV 0p
|n 5
|p p.v.
|h 502 HEA
|w 001900810
|u 000020
|a 0
|e BOA001
|j MZK50
|s A
|